000 00317nam a22001337a 4500
008 170715b xxu||||| |||| 00| 0 eng d
020 _a090081520900140000000010
041 _aeng
080 _a572
100 _a24
101 _aANT
245 _aBIRTH AS AN AMERICAN RITE OF PASSAGE
_cFLOYD, R.E
942 _2udc
_cBK
999 _c21021
_d21021